Final 16 Fifa 2022 - Statistics

General Stats
  • This quiz has been taken 16 times
  • The average score is 13 of 16
Answer Stats
Answer % Correct
Argentina
92%
Croatia
92%
France
92%
Netherlands
92%
Portugal
92%
England
85%
Morocco
85%
USA
85%
Brazil
77%
Japan
77%
South Korea
77%
Spain
77%
Australia
69%
Switzerland
69%
Poland
62%
Senegal
62%
No matching quizzes found
Score Distribution
Percent of People with Each Score
Percentile by Number Answered
Your Score History
You have not taken this quiz